000 00822nam a2200205Ia 4500
999 _c36321
_d36321
001 2229
003 GE_BSU
005 20221021122426.0
008 181216s1982ru xx |||||||||||||| ||rus||
040 _cGE_BSU
041 _arus
080 _a82.95(1-87)16/17 А-86
100 _aАртамонов, С.Д.
_915437
245 _aЗарубежная литература XVII_XVIII вв Хрестоматия :
_bУчебнтк для педапогич.ин-тов по спец Русский язык и Литература /
_cС.Д. Артамонов.
264 _aМосква :
_bПросвущение,
_c1982.
300 _a608 с. :
_b21 см.
653 _aЗарубежная литература XVII_XVIII вв
653 _aუცხოური ლიტერატურა
942 _cBK
_2udc